Reverse Deception: Organized Cyber Threat Counter-Exploitation / (Record no. 36857)

MARC details
000 -LEADER
fixed length control field 00485nam a22001697a 4500
005 - DATE AND TIME OF LATEST TRANSACTION
control field 20250216093256.0
008 - FIXED-LENGTH DATA ELEMENTS--GENERAL INFORMATION
fixed length control field 250216b |||||||| |||| 00| 0 eng d
020 ## - INTERNATIONAL STANDARD BOOK NUMBER
ISBN 9780071772495
082 ## - DEWEY DECIMAL CLASSIFICATION NUMBER
Classification number 658.478
Item number BOD-R
100 ## - MAIN ENTRY--AUTHOR
Author Name Bodmer, Sean
245 ## - TITLE STATEMENT
Title Reverse Deception: Organized Cyber Threat Counter-Exploitation /
Statement of responsibility, etc. Dr.M Kilger
260 ## - PUBLICATION, DISTRIBUTION, ETC.
Place of Publication USA:
Name of publisher, distributor, etc. McGraw-Hill;
Date of publication, distribution, etc. 2012.
300 ## - PHYSICAL DESCRIPTION
Pages xiv, 418 p. :
500 ## - GENERAL NOTE
General note include index.
650 ## - SUBJECT ADDED ENTRY--TOPICAL TERM
Subject / Department Security
300 ## - PHYSICAL DESCRIPTION
-- ill;
-- 24 cm.

No items available.

Powered by Koha